<?xml version="1.0" encoding="UTF-8"?>
<record
    xmlns:xsi="http://www.w3.org/2001/XMLSchema-instance"
    xsi:schemaLocation="http://www.loc.gov/MARC21/slim http://www.loc.gov/standards/marcxml/schema/MARC21slim.xsd"
    xmlns="http://www.loc.gov/MARC21/slim">

  <leader>01785nam a2200253Ia 4500</leader>
  <datafield tag="952" ind1=" " ind2=" ">
    <subfield code="0">0</subfield>
    <subfield code="1">0</subfield>
    <subfield code="4">0</subfield>
    <subfield code="7">0</subfield>
    <subfield code="a">04</subfield>
    <subfield code="b">04</subfield>
    <subfield code="d">2008-07-24</subfield>
    <subfield code="l">0</subfield>
    <subfield code="o">QA76.9.O35 S3318 </subfield>
    <subfield code="p">04 001542</subfield>
    <subfield code="r">2013-05-22</subfield>
    <subfield code="t">1</subfield>
    <subfield code="w">2012-06-24</subfield>
    <subfield code="y">LB</subfield>
  </datafield>
  <datafield tag="952" ind1=" " ind2=" ">
    <subfield code="0">0</subfield>
    <subfield code="1">0</subfield>
    <subfield code="4">0</subfield>
    <subfield code="7">0</subfield>
    <subfield code="a">04</subfield>
    <subfield code="b">04</subfield>
    <subfield code="d">2008-07-24</subfield>
    <subfield code="l">1</subfield>
    <subfield code="m">1</subfield>
    <subfield code="o">QA76.9.O35 S3318</subfield>
    <subfield code="p">04 001543</subfield>
    <subfield code="r">2015-05-21</subfield>
    <subfield code="s">2015-03-12</subfield>
    <subfield code="t">2</subfield>
    <subfield code="w">2012-06-24</subfield>
    <subfield code="y">LB</subfield>
  </datafield>
  <datafield tag="952" ind1=" " ind2=" ">
    <subfield code="0">0</subfield>
    <subfield code="1">0</subfield>
    <subfield code="2">lcc</subfield>
    <subfield code="4">0</subfield>
    <subfield code="7">0</subfield>
    <subfield code="a">04</subfield>
    <subfield code="b">04</subfield>
    <subfield code="d">2018-05-25</subfield>
    <subfield code="l">0</subfield>
    <subfield code="o">QA76.9.O35   S3318</subfield>
    <subfield code="p">05 000698</subfield>
    <subfield code="r">2023-02-10</subfield>
    <subfield code="t">1</subfield>
    <subfield code="w">2018-05-25</subfield>
    <subfield code="y">LB</subfield>
  </datafield>
  <datafield tag="999" ind1=" " ind2=" ">
    <subfield code="c">62143</subfield>
    <subfield code="d">62143</subfield>
  </datafield>
  <controlfield tag="008">120625s2005    mx      r     001 0 spa d</controlfield>
  <datafield tag="020" ind1=" " ind2=" ">
    <subfield code="a">9701049829</subfield>
  </datafield>
  <datafield tag="050" ind1=" " ind2="4">
    <subfield code="a">QA76.9.O35  </subfield>
    <subfield code="b">S3318</subfield>
  </datafield>
  <datafield tag="100" ind1="1" ind2=" ">
    <subfield code="a">Schach, Stephen R. </subfield>
    <subfield code="e"> , autor </subfield>
  </datafield>
  <datafield tag="240" ind1="1" ind2="0">
    <subfield code="a">Introduction to Object-Oriented Analysis and Design with UML and the United Process. </subfield>
    <subfield code="l">Espa&#xF1;ol </subfield>
  </datafield>
  <datafield tag="245" ind1="1" ind2="0">
    <subfield code="a">An&#xE1;lisis y dise&#xF1;o orientado a objetos con UML y el proceso unificado </subfield>
    <subfield code="n"> / Stephen R. Schach ; traducci&#xF3;n Lorena Peralta Rosales </subfield>
  </datafield>
  <datafield tag="260" ind1=" " ind2=" ">
    <subfield code="a">M&#xE9;xico</subfield>
    <subfield code="b"> : McGraw-Hill</subfield>
    <subfield code="c"> , 2005</subfield>
  </datafield>
  <datafield tag="300" ind1=" " ind2=" ">
    <subfield code="a">xxi, 458 p&#xE1;ginas </subfield>
    <subfield code="c"> ; 24 cm. </subfield>
  </datafield>
  <datafield tag="500" ind1=" " ind2=" ">
    <subfield code="a">T&#xED;tulo original: Introduction to Object-Oriented Analysis and Design with UML and the United Process</subfield>
  </datafield>
  <datafield tag="505" ind1="0" ind2=" ">
    <subfield code="a">Introducci&#xF3;n al UML y el proceso unificado 
Introducci&#xF3;n a los sistemas de informaci&#xF3;n 
C&#xF3;mo se desarrollan los sistemas de informaci&#xF3;n 
El paradigma orientado a objetos, UML y el proceso unificado 
UML y el proceso unificado 
El workflow de los requisitos 
El workflow del an&#xE1;lisis orientado a objetos 
El workflow y las fases del proceso unificado 
M&#xE1;s sobre UML 
Temas de gran importancia en el an&#xE1;lisis y dise&#xF1;o de sistemas 
CASE
Equipos
Pruebas 
Temas de administraci&#xF3;n 
Planeaci&#xF3;n y estimaci&#xF3;n 
Mantenimiento 
Dise&#xF1;o de la interfaz de usuario 
Introducci&#xF3;n a los sistemas de infomraci&#xF3;n basados en la Web 
Introducci&#xF3;n a los sistemas de administraci&#xF3;n de bases de datos 
Temas t&#xE9;cnicos </subfield>
  </datafield>
  <datafield tag="519" ind1=" " ind2=" ">
    <subfield code="a">Material Complementario / </subfield>
    <subfield code="d">(04 001542)</subfield>
  </datafield>
  <datafield tag="519" ind1=" " ind2=" ">
    <subfield code="a">Material Complementario / </subfield>
    <subfield code="d">(04 001543)</subfield>
  </datafield>
  <datafield tag="650" ind1=" " ind2="4">
    <subfield code="a">PROGRAMACI&#xD3;N ORIENTADA A OBJETOS (COMPUTACI&#xD3;N) </subfield>
  </datafield>
  <datafield tag="650" ind1=" " ind2="4">
    <subfield code="a">UML (COMPUTACI&#xD3;N) </subfield>
  </datafield>
  <datafield tag="650" ind1=" " ind2="4">
    <subfield code="a">AN&#xC1;LISIS DE SISTEMAS </subfield>
  </datafield>
  <datafield tag="650" ind1=" " ind2="4">
    <subfield code="a">DISE&#xD1;O DE SISTEMAS </subfield>
  </datafield>
  <datafield tag="700" ind1="1" ind2=" ">
    <subfield code="a">Peralta Rosales, Lorena </subfield>
    <subfield code="e"> , traductor </subfield>
  </datafield>
  <datafield tag="942" ind1=" " ind2=" ">
    <subfield code="c">LB</subfield>
  </datafield>
</record>
